Caracterización y plan de monitoreo de una población de Salminus affinis (Characiformes: Characidae) en el eje cafetero, departamento del Caldas, Risaralda, Quindío y Valle del Cauca en Colombia (Registro nro. 4923)

Detalles MARC
000 -CABECERA
Campo de control 00621nam a2200181 a 4500
005 - FECHA Y HORA DE LA ULTIMA TRANSACCION
Campo de control 20150105114228.0
008 - ELEMENTOS DE LONGITUD FIJA—INFORMACION GENERAL
Campo de control 140124b2005 ck ||||| |||| 00| 0 spa d
040 ## - FUENTE DE CATALOGACIÓN
Agencia transcriptora CO-BoIH
041 ## - IDIOMA
Código de idioma para texto/pista de sonido o título separado Español
044 ## - PAÍS DE PUBLICACIÓN
País de publicación Colombia
090 ## - CLASIFICACIÓN LOCAL
Colección IAVH
Consecutivo 00464
100 ## - ASIENTO PRINCIPAL--NOMBRE PERSONAL
Nombre personal Ortega Lara, Armando
245 ## - MENCION DE TITULO
Título Caracterización y plan de monitoreo de una población de Salminus affinis (Characiformes: Characidae) en el eje cafetero, departamento del Caldas, Risaralda, Quindío y Valle del Cauca en Colombia
260 ## - PUBLICACION, DISTRIBUCION, ETC. (PIE DE IMPRENTA)
Lugar de publicación, distribución, etc. Cali
Nombre del editor, distribuidor, etc. Instituto Alexander von Humboldt
Fecha de publicación, distribución, etc. 2005
300 ## - DESCRIPCION FISICA
Extensión 138 p.
942 ## - ELEMENTOS ADICIONALES (KOHA)
Tipo de ítem Informe Técnico
Sistema de clasificación Local
945 ## - PROCESAMIENTO LOCAL
AAAA-MM-DD - Fecha de ingreso o modificacion 2005-12-05
Existencias
Withdrawn status Lost status Sistema de Clasificación Damaged status No para préstamo Colección Inventariado Ubicación Permanente Ubicación actual Fecha de adquisición Fuente de Valor Total Checkouts Número topográfico Inventario / Código de Barras Date last seen Date checked out Ejemplar Price effective from Tipo de material Forma de adquisición
    Local     Humboldt Inventariado 2017 Bogotá Bogotá 05/12/2005 CID Humboldt 1 IAVH-00464 022504 09/08/2024 04/10/2018 Ej. 1 04/12/2012 Informe Técnico  
    Local     Audiovisual   Bogotá Bogotá 21/11/2013     IAVH-00464 058514 21/11/2013   Ej. 2 21/11/2013 CD-ROM